Switch on your brain : (Record no. 2155)

000 -LEADER
fixed length control field nam a22 a 4500
003 - CONTROL NUMBER IDENTIFIER
control field AKMAL
005 - DATE AND TIME OF LATEST TRANSACTION
control field 20170515142804.0
008 - FIXED-LENGTH DATA ELEMENTS--GENERAL INFORMATION
fixed length control field 170515s1987 my 00 eng d
020 ## - INTERNATIONAL STANDARD BOOK NUMBER
International Standard Book Number 9679782301
040 ## - CATALOGING SOURCE
Original cataloging agency AKMAL
082 04 - DEWEY DECIMAL CLASSIFICATION NUMBER
Classification number 371.3 STU
090 ## - LOCALLY ASSIGNED LC-TYPE CALL NUMBER (OCLC); LOCAL CALL NUMBER (RLIN)
Classification number (OCLC) (R) ; Classification number, CALL (RLIN) (NR) 371.3
Local cutter number (OCLC) ; Book number/undivided call number, CALL (RLIN) STU
100 1# - MAIN ENTRY--PERSONAL NAME
Personal name Cutler-Stuart, Margaret
9 (RLIN) 4511
245 1# - TITLE STATEMENT
Title Switch on your brain :
Remainder of title a guide to better reading concentration & co-ordination /
Statement of responsibility, etc. Margaret Cutler-Stuart and Allan Parker
260 ## - PUBLICATION, DISTRIBUTION, ETC.
Place of publication, distribution, etc. Petaling Jaya :
Name of publisher, distributor, etc. Pelanduk Publications,
Date of publication, distribution, etc. 1987
300 ## - PHYSICAL DESCRIPTION
Extent [128]p. :
Other physical details il. ;
Dimensions 21cm
650 ## - SUBJECT ADDED ENTRY--TOPICAL TERM
Topical term or geographic name entry element Physical fitness
9 (RLIN) 4512
650 ## - SUBJECT ADDED ENTRY--TOPICAL TERM
Topical term or geographic name entry element Kinesiology
9 (RLIN) 4513
650 ## - SUBJECT ADDED ENTRY--TOPICAL TERM
Topical term or geographic name entry element Movement education
9 (RLIN) 4514
700 1# - ADDED ENTRY--PERSONAL NAME
Personal name Parker, Allan
9 (RLIN) 4515
942 ## - ADDED ENTRY ELEMENTS (KOHA)
Source of classification or shelving scheme
Koha item type Book
Holdings
Withdrawn status Lost status Source of classification or shelving scheme Damaged status Not for loan Collection code Home library Current library Shelving location Date acquired Inventory number Total Checkouts Full call number Barcode Date last seen Price effective from Koha item type
          NON-FICTION AKMAL Melaka AKMAL Melaka PINJAMAN 15.05.2017 300015   371.3 STU 201706585 15.05.2017 15.05.2017 Book
Pusat Sumber Maklumat Dato' Haji Sarmin Md Hussin, Akademi Kastam Diraja Malaysia, Melaka
Tel: 06-2331106 | Faks: 06-2313787